00645nas a2200217 4500001001000000003000900010005001700019007000300036008003400039040005400073041000900127072000800136100002300144100001800167100002500185245007500210650000900285650001600294650001800310773009900328BR0901760BR-BrBNA20231205112631.0ta230509b bl.|||p| |||| 00| 00por d aBR-BrBNAbporcBiblioteca Nacional de Agricultura a(Pt) aF601 aFreitas, T.A.S. de1 aBarroso, D.G.1 aCarneiro, J.G. de A.1 aDinâmica de raízes de espécies arbóreas: visão da literatura aRAIZ aLONGEVIDADE aSENESCÊNCIA0 tCiência Florestal (Brazil)xISSN 0103-9954g(Jan-Jun 2008), v. 18(1-2) p. 133-142wBR0901760